000 00851nam a2200229 i 4500
001 169184
003 ES-MaACL
005 20250830053812.0
008 080821s1958 sp f |||| | spa d
080 _a261.625
100 1 _aRamírez, Santiago María.
_995113
245 1 0 _aTeología nueva y teología /
_cSantiago Ramírez.
260 _aMadrid :
_bAteneo,
_c1958.
300 _a37 p. :
_b1 lám. ;
_c19 cm.
490 1 _aColección "O crece o muere" ;
_v124
500 _aEste trabajo fue dado a conocer por su autor en la conferencia pronunciada en el Ateneo de Madrid el día 21 de abril de 1958.
610 2 7 _aAteneo de Madrid-
_vConferencias-
_y1940-1982.
_91908
650 0 7 _aTeología de la liberación
_2embne
_917466
830 0 0 _aColección "O crece o muere"
_v124
_9183476
852 _aES-MaACL
_j2242-F-18
999 _c169184
_d169184